Регионална библиотека "Любен Каравелов" - Русе

Нагоре по обратния път (Запис номер 445097)

MARC детайли
000 -Лидер
Контролно поле с фиксирана дължина nam a22 a 4500
003 - Код на организацията, давaща контролен номер
Контролно поле BLK
005 - Дата и час на последна редакция
Контролно поле 20221203114057.0
008 - Елементи от данни с фиксирана дължина
fixed length control field 220217b bu |||||r|||| 00| 0 bu d
020 ## - Международен стандартен номер на книга ISBN
Международен стандартен номер на книга ISBN 9789543093069
040 ## - Източник на каталожния запис
Идентификатор на билиотеката - собственик на записа BLK
041 ## - Код за език
Код за езика на текст/звукозапис или на отделно заглавие Български
Код за езика КДБФ Български
080 ## - УДК
Текстов определител УДК Българска литература
УДК код - определител по УДК 821.163.2
УДК - код + определител 821.163.2-94
100 ## - Редна дума - Автор
R(LIN) 270449
Автор Пенев, Пенчо Стоянов
Авторска отговорност първи автор
139 ## - Редно поле
Редна дума Пенев, Пенчо Стоянов
Авторски знак Пен - П 34
245 ## - Сведения за заглавието
Заглавие Нагоре по обратния път
Редно поле (дума) Пенчо Пенев
260 ## - Област на издателските данни
9 (RLIN) 219667
Място на издаване, разпространение и проч. София
Име на издателя, разпространителя и проч. Светулка 44 АТЕНЕЙ
Година на издаване 2021
Информация за издателството Светулка-44
Издателство - префикс ISBN 978-954-309-
300 ## - Физическа характеристика
Страници 419 с.
Размери/Мащаб 22 см
380 ## - Жанр
Жанр Худож. лит.
852 ## - Местоположение
Форматна сигнатура Цб 312321
Фондова буква Хранилище
999 ## - СИСТЕМНИ КОНТРОЛНИ НОМЕРА
Koha biblionumber 445097
Koha biblioitemnumber 445097
942 ## - АРТИКУЛИ
Вид на библиотечния материал Книги
Скрит в OPAC Не
Периодичен библиозапис Да
Koha issues (borrowed), all copies 9
944 ## - СЪЗДАВАНЕ И РЕДАКЦИЯ на ЗАПИСА
Създаване/Редакция Създаване
Дата на регистрацията/редакция 2022-02-17
Служител, извършил регистрацията/редакцията Микаела Микова- Илиева
Статус, дата на статуса 2022-02-17
944 ## - СЪЗДАВАНЕ И РЕДАКЦИЯ на ЗАПИСА
Създаване/Редакция Редакция
Дата на регистрацията/редакция 2022-05-11
Служител, извършил регистрацията/редакцията НР
Наличности
Код за отписване Код за изгубен артикул Източник на класификационната схема Код за повреда Коз за рестрикции Код за отдаване Артикулен № Име на библиотеката - собственик Име на библиотеката, в която се намира в момента Статус (Текущо местоположение) Дата на вписване в системата Местоположение - отдел Цена в лева Систематично азбучна сигнатура Баркод Цена в евро Служебен тип на артикула
  Не е изгубен Universal Decimal Classification Не е повреден без рестрикции заемане за дома 872662 Регионална библиотека "Любен Каравелов" Русе Регионална библиотека "Любен Каравелов" Русе Заемна - подръчен фонд 2022-02-18 Заемна - подръчен фонд 25.00 821.163.2-94/П 34 П 120000866197 12.78 Книги
  Не е изгубен Universal Decimal Classification Не е повреден без рестрикции заемане за дома 872852 Регионална библиотека "Любен Каравелов" Русе Регионална библиотека "Любен Каравелов" Русе Заемна - подръчен фонд 2022-02-21 Заемна - подръчен фонд 25.00 821.163.2-94/П 34 П 120000866308 12.78 Книги
  Не е изгубен Universal Decimal Classification Не е повреден само за читалня ползва се в читалня 883694 Регионална библиотека "Любен Каравелов" Русе Регионална библиотека "Любен Каравелов" Русе Хранилище 2022-05-11 Хранилище 25.00 Цб 312321 120000871746 12.78 Книги
Vip Innovations Ltd, Rousse, Bulgaria 2025